Footballeurs par lettre J - Statistiques

Statistiques générales
  • Ce quiz a été pris 121 fois
  • Le résultat moyen est 11 sur 20
Statistiques - réponses
Par images Réponse % Correct
Jesus
93%
Juninho
92%
James
90%
Jallet
88%
Joselu
84%
Jorginho
83%
Jesé
77%
Joelinton
70%
Jovic
66%
Juanfran
60%
Joaquin
55%
Jones
51%
Januzaj
49%
Jemerson
40%
Johnson
27%
Jardim
17%
Jensen
14%
Jankulovski
11%
Janssen
11%
Jardel
9%
Aucun quiz correspondant
Distribution des résultats
% des personnes avec chaque résultat
Percentile par nombre de réponses
Votre historique - résultats
Vous n’avez pas pris ce quiz